000
002600000a22000970004500
100
1
_a
Esquivel, Julia (1930 - )
245
1
0
_a
Cuando llegue la hora
300
_a
Vol. 6, Num 2 (Julio-Diciembre, 1986), Páginas 64-65
773
0
_t
Vida y pensamiento
942
_c
ANA
999
_c
52785
_d
52785